Methodus plantarum circa Cantabrigiam nascentium.

Bibliographic Details
Main Author: Martyn, John, 1699-1768
Format: eBook
Language:Latin
Published: [London], [publisher not identified] ; [1729]
Series:Eighteenth century collections online.
Online Access:Full text online

MARC

Tag First Indicator Second Indicator Subfields
LEADER 00000cam a2200000 4500
001 in00001888024
006 m | d |
007 cr |n||||||||n
008 790607s1729 enk|||| s 00||||lat d
005 20260406205218.4
035 |a (CStRLIN)ESTCT39326 
040 |a Uk-ES  |c Uk-ES  |d CStRLIN  |d Thomson Gale  |d UtOrBLW 
100 1 |a Martyn, John,  |d 1699-1768. 
245 1 0 |a Methodus plantarum circa Cantabrigiam nascentium. 
264 1 |a [London],  |b [publisher not identified] ;  |c [1729] 
300 |a 24p. ;  |c 8⁰. 
336 |a text  |b txt  |2 rdacontent 
337 |a computer  |b c  |2 rdamedia 
338 |a online resource  |b cr  |2 rdacarrier 
500 |a Drop-head title. 
500 |a There is no titlepage. 
500 |a "The author began to print a new edition in 1729 .. but it was never completed": G. C. Gorham, 'Memoirs of John Martyn .. ', 1830. 
500 |a Reproduction of original from the British Library. 
510 4 |a Henrey,  |c 1019 
510 4 |a English Short Title Catalog,  |c ESTCT39326. 
533 |a Electronic reproduction.  |b Farmington Hills, Mich. :  |c Thomson Gale,  |d 2003.  |n Available via the World Wide Web.  |n Access limited by licensing agreements  |7 s2003 miunns 
500 |a Electronic resource. 
830 0 |a Eighteenth century collections online. 
856 4 0 |u http://proxy.library.tamu.edu/login?url=https://galenet.galegroup.com/servlet/ECCO?c=1&stp=Author&ste=11&af=BN&ae=T039326&tiPG=1&dd=0&dc=flc&docNum=CW109035065&vrsn=1.0&srchtp=a&d4=0.33&n=10&SU=0LRM&locID=txshracd2898  |z Full text online  |t 0 
999 |a MARS 
999 f f |s 1fb2a75f-e7dd-327e-a986-c3ca35f6d6e3  |i f983434d-4ff2-3ca8-817a-e254c5f352b4  |t 0 
952 f f |a Texas A&M University  |b College Station  |c Electronic Resources  |s www_evans  |d Available Online  |t 0  |h No information provided 
998 f f |t 0  |l Available Online